| 000 | 01420nam a2200361 i 4500 | ||
|---|---|---|---|
| 003 | EG-GICUC | ||
| 005 | 20260327172710.0 | ||
| 008 | 260119s1982 ua |||fr|||| 00| 0 ara d | ||
| 017 | _a4567/82 | ||
| 020 | _a9770400300 | ||
| 040 |
_a EG-GICUC _bara _c EG-GICUC _d EG-GICUC _erda |
||
| 041 | 0 | _aAra | |
| 082 | 0 | 4 |
_221 _a343.6 _bي س . و |
| 092 | 0 | 4 | _221 |
| 099 | _aLaw1 10 343.6 ي س . و 1982 | ||
| 100 | 0 |
_aيسر أنور على _eمؤلف. |
|
| 245 | 1 | 2 |
_aالوجيز فى علم الإجرام وعلم العقاب / _cتأليف الدكتور يسر أنور على،الدكتور آمال عبدالرحيم عثمان. |
| 264 | 1 |
_aالقاهرة : _bدار النهضة العربية، _c1982. |
|
| 264 | 3 | _bشركة مطابع الطوبحى التجارية | |
| 300 |
_a378 صفحة؛ _c24 سم. _bإيضاحيات، صور، مثيليات ؛ |
||
| 336 |
_2rda content _atext |
||
| 337 |
_2rda media _aComputer |
||
| 338 |
_2rda carrier _aOnline Resource |
||
| 504 | _a. 240-220 ببليوجرافيا: صفحات. | ||
| 546 | _aالنص باللغة العربية | ||
| 650 | 1 |
_aعلم الإجرام _2qrmak |
|
| 650 | 1 |
_aالقانون الجنائى _2qrmak |
|
| 651 | 1 | _2qrmak | |
| 700 |
_aآمال عبدالرحيم عثمان _eمؤلف مشارك. |
||
| 856 | 4 | 0 | _uhttps://fll.law.cu.edu.eg/fulltext/bks/B10-07893.pdf |
| 905 |
_a54 _eYara |
||
| 942 |
_2ddc _cBK _e21 _n0 |
||
| 999 |
_c57717 _d57717 |
||